[Event "EICC 2017"]
[Site "Minsk"]
[Date "2017.06.01"]
[Round "3"]
[White "Parligras, Mircea-Emilian"]
[Black "Tutisani, Noe"]
[Result "1/2-1/2"]
[WhiteElo "2607"]
[BlackElo "2347"]
[Annotator "TA"]
[PlyCount "111"]
[EventDate "2017.??.??"]
[EventCountry "BLR"]
[SourceTitle "playchess.com"]
[Source "ChessBase"]
[SourceQuality "1"]

{[%evp 25,111,14,35,10,19,6,11,11,12,20,38,0,0,0,0,0,0,0,0,0,0,0,0,-7,0,-17,0,0,0,-28,-28,-28,-32,-50,-28,-64,-26,-50,-32,-62,51,51,51,51,51,51,56,63,89,51,51,51,66,0,0,0,0,0,0,0,0,0,0,0,0,0,0,0,0,0,0,0,0,0,0,0,0,0,0,0,0,0,0,0,0,0,0,0]} 1. d4 Nf6 2. c4 g6 3. Nc3 d5 4. cxd5 Nxd5 5. e4 Nxc3 6. bxc3 Bg7 7. Qa4+ Nd7 8. Nf3 O-O 9. Be2 c5 10. O-O {D85: Exchange Grünfeld: Unusual White 7th moves and lines with 7 Nf3} Nb6 (10... a6 11. Qa3 Qc7 12. e5 Nb6 13. Qa5 Bf5 14. dxc5 Nd5 15. Qxc7 Nxc7 16. Nd4 Be4 17. f3 Bd5 {½-½ (45) Karpov,A (2624)-Svidler,P (2755) Sochi 2017}) 11. Qa3 cxd4 12. cxd4 Bg4 13. Bg5 Re8 {LiveBook: 4 Games} (13... Bxf3 $5 14. Bxf3 Qxd4 $14) 14. Rad1 (14. Bb5 $5 {[%cal Rb5e8]}) 14... Qd6 15. Qe3 Rac8 16. h3 Bxf3 17. e5 Nd5 $146 {[%cal Bb6d5,Bd5e3,Be3d1][%mdl 32]} ({Predecessor:} 17... Qd7 18. Bxf3 {0-1 (34) Salvador,R (2461)-Kantans,T (2346) Biella 2013}) 18. exd6 (18. Qb3 $5 {[%cal Re5d6]} Qd7 19. Bxf3 $14) 18... Nxe3 19. Bxf3 Nxd1 20. d7 Nc3 21. Bxb7 Rcd8 22. dxe8=Q+ Rxe8 23. d5 Bf6 24. Bxf6 exf6 $11 {[%mdl 4096] Endgame KRB-KRN} 25. a4 Rd8 26. a5 Rd7 27. a6 (27. Bc6 $5 {[%cal Rc6d7]} Rd6 28. Bb7 $11) 27... Nxd5 28. Rd1 Nb6 29. Rc1 Kg7 30. Kf1 Rd6 31. Ke2 f5 32. Rc7 Nd5 (32... Rd7 $1 $15 33. Rc5 Rd4) 33. Bxd5 $1 $14 Rxd5 34. Rxa7 {And now Rb7 would win. KR-KR} Ra5 35. Kd3 f4 36. Kc4 g5 37. f3 h5 38. Kb4 Ra2 39. Kb5 ({White should try} 39. Kb3 $14 Ra1 40. Ra8) 39... Rxg2 $11 {The position is equal.} 40. Rc7 {[#] Strongly threatening a7.} (40. Re7 $5 {[%cal Ra6a7]} g4 41. fxg4 $11) 40... Rb2+ 41. Kc6 {Black must now prevent a7.} g4 42. a7 Ra2 43. Kb7 ({Don't play} 43. hxg4 $6 hxg4 44. Kb7 (44. fxg4 f3 $11) 44... Rb2+ 45. Kc8 Ra2 $16) (43. fxg4 {looks sharper.} hxg4 44. hxg4 f3 45. Kb6 Rb2+ 46. Ka6) 43... gxf3 {[#]} 44. Rc2 $1 {[%mdl 512]} Rxa7+ (44... Rxc2 45. a8=Q) 45. Kxa7 {KR-KP} Kf6 46. Kb6 Ke5 47. Kc5 Ke4 48. Rc4+ Ke3 {Hoping for ...f2.} 49. Kd5 f2 50. Re4+ $1 Kf3 51. Ke5 f1=Q 52. Rxf4+ Kg2 53. Rxf1 Kxf1 54. Kf5 Kg2 55. Kg5 Kxh3 {( -> ...Kg3)} (55... Kf3 $5 {[%cal Rf3e4]} 56. h4 Kg3 $11) 56. Kxh5 {Precision: White = 60%, Black = 70%.} 1/2-1/2

[Event "EICC 2017"]
[Site "Minsk"]
[Date "2017.06.01"]
[Round "3"]
[White "Rozum, Ivan"]
[Black "Schreiner, Peter"]
[Result "1/2-1/2"]
[WhiteElo "2606"]
[BlackElo "2483"]
[Annotator "TA"]
[PlyCount "42"]
[EventDate "2017.??.??"]
[EventCountry "BLR"]
[SourceTitle "playchess.com"]
[Source "ChessBase"]
[SourceQuality "1"]

{[%evp 24,42,24,17,51,20,5,10,7,25,14,0,0,0,0,0,0,0,0,0,0]} 1. d4 Nf6 2. c4 g6 3. Nc3 d5 4. cxd5 Nxd5 5. Bd2 Bg7 6. e4 Nxc3 7. Bxc3 O-O 8. Qd2 c5 {D85: Exchange Grünfeld: Unusual White 7th moves and lines with 7 Nf3} (8... Nc6 9. Ne2 e5 10. d5 Nd4 11. Nxd4 exd4 12. Bxd4 Re8 13. f3 Qxd5 14. Bxg7 Qxd2+ 15. Kxd2 Kxg7 16. Bd3 {½-½ (31) Vallejo Pons,F (2716)-Aronian,L (2795) Novi Sad 2016}) 9. d5 Bxc3 10. bxc3 e6 11. Bc4 b5 12. Bxb5 exd5 13. exd5 {LiveBook: 3 Games} Bb7 14. Rd1 {Threatening Nf3.} Nd7 $1 {[#]} 15. Nf3 $146 {Black should prevent Bxd7.} ({Predecessor:} 15. Ne2 Nb6 16. Nf4 {½-½ (30) Al Sayed,M (2505)-Flores Rios,M (2537) Tromsoe 2014}) 15... Nb6 16. O-O Bxd5 17. Qf4 {[#] Black must now prevent c4.The position is equal.} Qb8 18. Qf6 Qd8 19. Qe5 {And now c4! would win.} Qb8 20. Qf6 Qd8 21. Qf4 {[#] Threatens to win with c4.} Qb8 {Precision: White = 76%, Black = 84%.} 1/2-1/2

[Event "EICC 2017"]
[Site "Minsk"]
[Date "2017.06.01"]
[Round "3"]
[White "Mchedlishvili, Mikheil"]
[Black "Yeritsyan, Aram"]
[Result "1-0"]
[WhiteElo "2605"]
[BlackElo "2342"]
[Annotator "TA"]
[PlyCount "79"]
[EventDate "2017.??.??"]
[EventCountry "BLR"]
[SourceTitle "playchess.com"]
[Source "ChessBase"]
[SourceQuality "1"]

{[%evp 20,79,22,31,22,28,27,27,17,33,58,59,50,51,60,66,52,50,40,38,56,57,60,64,66,47,50,49,45,47,63,56,44,56,50,50,64,47,117,18,141,142,153,154,135,131,145,135,167,164,364,354,404,404,561,551,554,554,12838,12838,12839,12836]} 1. c4 Nf6 2. d4 e6 3. g3 d5 4. Bg2 dxc4 5. Nf3 Bd7 6. Ne5 Bc6 7. Nxc6 Nxc6 8. O-O Qd7 {E04: Open Catalan: 5 Nf3} 9. e3 Rd8 10. Qe2 e5 11. Qxc4 {LiveBook: 5 Games} exd4 12. Qb5 Rb8 13. Rd1 a6 14. Qc4 {[#]} Be7 $146 ({Predecessor:} 14... Bd6 15. exd4 O-O 16. Nc3 {½-½ (34) Andreikin,D (2736)-Lu,S (2619) China 2016}) 15. Bxc6 Qxc6 16. Qxc6+ bxc6 17. Rxd4 O-O 18. Nd2 Rfd8 19. Rxd8+ Rxd8 20. Kf1 Bb4 21. Ke2 g5 22. Nc4 Rd5 23. h3 h5 24. a3 Bd6 25. Bd2 g4 26. hxg4 hxg4 27. Rc1 Ne4 28. Be1 f5 (28... Rb5 $14) 29. Nd2 (29. Nxd6 $16 Rxd6 30. f3 gxf3+ 31. Kxf3) 29... Nc5 (29... Rc5 $11 30. Nc4 Rb5) 30. b4 $16 {[%cal Bb2b4,Bb4a5][%mdl 32]} Nd3 31. Rxc6 Nxe1 32. Kxe1 {[%mdl 4096] Endgame Threatens to win with Nc4. KRB-KRN} a5 33. e4 {[%cal Be3e4,Be4f5][%mdl 32]} Rd4 34. bxa5 Ra4 $2 {[#]} (34... f4 35. Nc4 fxg3) 35. exf5 $18 Rxa3 36. Nc4 Bb4+ 37. Ke2 {White is clearly winning.} Ra2+ 38. Ke3 Bxa5 39. Nxa5 Rxa5 40. Ke4 {Precision: White = 86%, Black = 41%.} 1-0

[Event "EICC 2017"]
[Site "Minsk"]
[Date "2017.06.01"]
[Round "3"]
[White "Vocaturo, Daniele"]
[Black "Minasian, Artashes"]
[Result "0-1"]
[WhiteElo "2604"]
[BlackElo "2480"]
[Annotator "TA"]
[PlyCount "108"]
[EventDate "2017.??.??"]
[EventCountry "BLR"]
[SourceTitle "playchess.com"]
[Source "ChessBase"]
[SourceQuality "1"]

{[%evp 16,108,18,14,53,57,79,78,78,88,87,85,120,120,107,112,141,107,94,102,95,98,103,99,97,104,137,132,178,95,94,88,123,75,63,70,73,74,68,-57,-58,-57,-67,-51,-55,-83,-59,-92,-34,-80,-81,-92,-85,-126,-118,-95,0,-120,-124,-122,-112,-220,-217,-211,-191,-225,-226,-222,-226,-225,-211,-200,-103,-200,-197,-278,-263,-250,-170,-188,-171,-544,-503,-517,-366,-1364,-1294,-1457,-956,-12837,-12838,-12839,-12839,-12843,-12843]} 1. e4 g6 2. d4 Bg7 3. Nc3 d6 4. f4 Nf6 5. Nf3 O-O 6. e5 dxe5 7. fxe5 Nd5 8. Bc4 Be6 9. Qe2 {LiveBook: 16 Games. B09: Pirc Defence: Austrian Attack} (9. Nxd5 Bxd5 10. Bxd5 Qxd5 11. Qe2 Nc6 12. c4 Qa5+ 13. Bd2 Qa6 14. d5 Na5 15. Rc1 b6 16. O-O Rad8 17. Bg5 f6 18. Bh4 Nb7 19. Nd4 Nc5 20. b4 Rxd5 21. cxd5 {1-0 (21) Salem,A (2656)-Mamedov,R (2688) Doha 2016}) 9... c6 10. Ne4 Qb6 $146 ({Predecessor:} 10... Bf5 11. Ng3 Bg4 12. Bd2 Nb6 13. Bb3 Bxf3 14. Qxf3 Qxd4 15. Bc3 Qh4 16. O-O-O Qg5+ 17. Kb1 Na6 18. h4 Qh6 19. Bd2 g5 20. Nf5 {1-0 (20) Feliciano Ebert,V (2026)-Choma,J (1877) Novo Hamburgo 2008}) 11. c3 {White is better.} Nc7 12. Bxe6 Nxe6 13. Nfg5 {Threatens to win with Nxe6.} Nxg5 14. Bxg5 Qd8 15. O-O $36 {[%mdl 2048] White is in control.} Nd7 16. e6 fxe6 {[#]} 17. Nd6 $1 {[%mdl 512]} Rxf1+ (17... exd6 18. Bxd8) 18. Rxf1 Nf8 19. Nxb7 Qd5 20. Bxe7 Nd7 21. Nd6 e5 22. dxe5 (22. Qg4 $18 Nb6 23. dxe5) 22... Nxe5 $16 23. Ne4 $1 Qd3 24. Qe1 {Hoping for Nf6+.} Re8 25. Qh4 g5 26. Bxg5 {Nf6+ is the strong threat.} Ng6 27. Nf2 (27. Nf6+ $1 $14 Bxf6 28. Qf2 Bxg5 29. Qf7+ Kh8 30. Qxe8+ Kg7 31. Qf7+ Kh6 32. Qf3) 27... Qxf1+ $1 $15 28. Kxf1 Nxh4 29. Bxh4 {[%mdl 4096] Endgame KRB-KBN} Kf7 30. Nd3 Ke6 {[%mdl 1024] Black has strong compensation.} 31. Bf2 Re7 (31... a5 $1 $17) 32. c4 Kf5 33. b3 Bc3 34. Nc5 Ba5 35. Nd3 Bc3 36. Nc5 $1 Bd2 37. Nd3 Be3 38. Nb4 (38. Bh4 $17 {might work better.} Re6 39. Bg3) 38... Bxf2 $19 39. Kxf2 {KR-KN} Re6 40. Kf3 Ke5 $1 41. Nc2 a5 42. Ke3 Kd6+ $1 43. Kd3 Rg6 (43... Rf6 $19 44. Ne3 Rf2) 44. Ne3 {[#]} (44. Ne1 $17) 44... Rf6 $1 45. a3 (45. Ke2 {is a better defense.}) 45... Rf2 46. h4 Ke6 47. b4 {[#]} a4 $1 48. b5 $2 (48. h5 {is tougher.}) 48... Rb2 49. Nc2 Rb3+ 50. Ke4 $2 (50. Kd2 Kd6 51. bxc6) 50... c5 {Black is clearly winning.} 51. g4 Rc3 52. Ne3 Rxa3 53. Nd5 Rb3 54. g5 a3 {Precision: White = 29%, Black = 70%.} 0-1

[Event "EICC 2017"]
[Site "Minsk"]
[Date "2017.06.01"]
[Round "3"]
[White "Bosiocic, Marin"]
[Black "Matlakov, Maxim"]
[Result "1/2-1/2"]
[WhiteElo "2603"]
[BlackElo "2714"]
[Annotator "TA"]
[PlyCount "78"]
[EventDate "2017.??.??"]
[EventCountry "BLR"]
[SourceTitle "playchess.com"]
[Source "ChessBase"]
[SourceQuality "1"]

{[%evp 31,78,24,26,22,32,0,2,0,0,8,9,0,0,0,0,0,0,12,14,29,10,17,17,17,22,1,48,0,54,32,33,31,54,67,66,56,175,0,43,0,0,0,0,-8,0,0,0,0,0]} 1. e4 e5 2. Nf3 Nc6 3. Bb5 a6 4. Ba4 Nf6 5. O-O Be7 6. Re1 b5 7. Bb3 d6 8. c3 O-O 9. h3 Re8 10. Ng5 Rf8 11. Nf3 Re8 12. d4 Bb7 13. Nbd2 Bf8 14. a3 h6 15. Bc2 Nb8 {[%cal Bc6b8,Bb8d7,Bd7c5][%mdl 32]} 16. b3 Nbd7 17. Bb2 {C93: Closed Ruy Lopez: Smyslov Variation} Rb8 (17... Rc8 18. a4 b4 19. cxb4 exd4 20. Bxd4 c5 21. bxc5 Nxc5 22. Qb1 a5 23. b4 axb4 24. Qxb4 Ba8 {1-0 (66) Topalov,V (2761)-Ding,L (2755) Saint Louis 2016}) 18. Bd3 d5 $146 ({Predecessor:} 18... g6 19. a4 c6 20. Qc2 Nh5 21. Bf1 Qc7 22. b4 Nb6 23. a5 Na4 24. Ba3 c5 {½-½ (32) Ganguly,S (2619)-Lekic,D (2433) Porto Rio 2014}) 19. exd5 exd4 20. Rxe8 Qxe8 21. c4 Nc5 22. Bf1 bxc4 $1 23. Nxc4 Bxd5 24. Nxd4 Na4 25. bxa4 Bxc4 $1 26. Bxc4 Rxb2 27. Qc1 $36 {[%mdl 2048] White is more active.} (27. Bxa6 Bc5 $17) 27... Rb8 28. a5 Qe4 29. Nc6 (29. Bxf7+ $5 Kxf7 30. Qxc7+ Kg6 31. Qxb8 Qxd4 32. Rc1 $11) 29... Bxa3 (29... Re8 $11) 30. Qxa3 $14 ({Wrong is} 30. Rxa3 $2 Rb1 $19) 30... Qxc6 31. Rc1 {[#] Bxf7+! is the strong threat.} Qb7 32. Qe7 {[%mdl 1024] White has compensation.} Rf8 33. Rd1 {Hoping for Rd8.} Qc6 (33... Qc8 $14) 34. Rc1 (34. Rd8 $18 Rxd8 35. Qxd8+ Ne8 {[#]} 36. Bxa6 $1 {[%mdl 512]} Qxa6 37. Qxe8+ Kh7 38. Qe4+ (38. Qxf7 Qxa5 39. g4 c5 $11) 38... g6 39. Qd5) 34... Qb7 $1 35. g3 Ne4 {The position is equal.} 36. Rd1 {Strongly threatening Bd5.} Ng5 37. Bd5 Qc8 38. h4 Qg4 ({Much weaker is} 38... Nh3+ $6 39. Kf1 $16) 39. Rd2 Nf3+ {Precision: White = 44%, Black = 49%.} 1/2-1/2

[Event "EICC 2017"]
[Site "Minsk"]
[Date "2017.06.01"]
[Round "3"]
[White "Pashikian, Arman"]
[Black "Kantans, Toms"]
[Result "1/2-1/2"]
[WhiteElo "2603"]
[BlackElo "2473"]
[Annotator "TA"]
[PlyCount "111"]
[EventDate "2017.??.??"]
[EventCountry "BLR"]
[SourceTitle "playchess.com"]
[Source "ChessBase"]
[SourceQuality "1"]

{[%evp 9,111,0,-7,0,0,0,0,0,0,0,0,0,0,0,0,0,109,93,52,85,236,219,206,205,390,408,316,140,153,104,118,0,0,0,0,0,0,0,0,0,0,-65,-84,-77,0,-109,-27,-23,0,-158,-134,-168,-141,-135,-93,-136,0,0,-2,-204,0,-87,-91,-207,0,0,0,0,0,0,0,0,0,0,0,0,0,0,0,0,0,0,0,0,0,0,0,0,0,0,0,0,0,0,0,0,0,0,0,0,0,0,0,0]} 1. d4 Nf6 2. Nf3 g6 3. c4 Bg7 4. Nc3 d5 5. h4 dxc4 6. e4 {D90: Grünfeld: 4 Nf3 Bg7 sidelines} c5 7. d5 b5 8. h5 O-O 9. hxg6 fxg6 {aiming for ...b4.} 10. e5 Ng4 11. d6 $36 {[%mdl 2048] White fights for an advantage.} e6 $1 12. Rxh7 Nc6 (12... Rf5 $11 13. Rh3 Nc6) 13. Rxg7+ $1 $16 Kxg7 {[#]} 14. Bg5 $146 Qa5 $2 (14... Qd7 $16 {keeps fighting.}) 15. d7 $18 {[%mdl 1024] White has strong compensation.} Bb7 16. Qd6 b4 $2 (16... Rf5) 17. Ne4 b3+ 18. Nc3 (18. Bd2 $18 {is the precise move to win.} Qxa2 19. Rd1 (19. Rxa2 $2 bxa2 20. Bh6+ Kxh6 $19)) 18... Rxf3 19. gxf3 Ngxe5 20. d8=Q (20. f4 $1 $16 {[%cal Rf4e5]} Nf3+ 21. Kd1) 20... Nxf3+ $11 21. Kd1 {Intending Q6f8+ and mate.} Rxd8 22. Bxd8 Nxd8 23. Qe7+ Nf7 24. Bh3 Bd5 25. Ke2 (25. Bxe6 $11 Bxe6 26. Qxe6) 25... Nd4+ $15 26. Kf1 Nc6 (26... Qa6 $1 $17) 27. Qh4 (27. Qe8 $11 {remains equal.}) 27... Qc7 (27... g5 $17 28. Qh5 Nce5) 28. Bg2 $11 Nb4 29. a3 $2 (29. Nxd5 $11 exd5 30. axb3) 29... Bxg2+ $1 $17 30. Kxg2 Nd3 31. Qxc4 Nfe5 ({Resist} 31... Nxb2 32. Qxb3 Nd3 33. Ne4 $15) 32. Qe4 Nxb2 (32... Qf7 $17 33. Rf1 Nf4+ 34. Kg3 Ned3) 33. Rb1 Ned3 $1 {And now ...c4 would win.} 34. Kg1 $2 (34. Qh4 $11 {and White is okay.}) 34... Qf7 $2 {[#]} (34... c4 $1 $19 {White must now prevent ...Qf7.} 35. Qe3 e5) 35. Qe2 {[#]} (35. Rxb2 $1 $11 {[%mdl 512]} Nxb2 36. Qe2) 35... Qf6 $1 {[%cal Rf6c3]} 36. Qd2 {[#]} (36. Ne4 $17 Qe5 37. Qg4) 36... Qd4 $2 ({Black should play} 36... Qf3 $1 $19 37. Qe3 Qxe3 38. fxe3 g5) 37. Rxb2 $11 {The position is equal.} Nxb2 38. Qxb2 c4 39. Qc1 e5 40. Qg5 Kf7 (40... b2 $5 {[%cal Rg7f7]} 41. Kg2 Kf7 $11) 41. Qg3 b2 {Threatens to win with ...Qxc3!} 42. Kg2 Ke7 43. Qf3 {[#]} e4 $1 {[%mdl 512]} 44. Qg3 (44. Nxe4 b1=Q) 44... Qxc3 45. Qxc3 b1=Q {[%mdl 4096] Endgame KQ-KQ} 46. Qe5+ Kf7 {Hoping for ...Qd3.} 47. Qc7+ Kf6 48. Qd6+ Kf5 {Strongly threatening ...Qd3.} 49. Qd5+ Kg4 50. Qe6+ Kh5 51. Qe5+ g5 52. Qe8+ Kh6 53. Qe6+ Kg7 54. Qe7+ Kg6 55. Qe6+ Kg7 56. Qe7+ {Precision: White = 62%, Black = 42%.} 1/2-1/2

[Event "EICC 2017"]
[Site "Minsk"]
[Date "2017.06.01"]
[Round "3"]
[White "Neiksans, Arturs"]
[Black "Girya, Olga"]
[Result "1/2-1/2"]
[WhiteElo "2599"]
[BlackElo "2476"]
[Annotator "TA"]
[PlyCount "81"]
[EventDate "2017.??.??"]
[EventCountry "BLR"]
[SourceTitle "playchess.com"]
[Source "ChessBase"]
[SourceQuality "1"]

{[%evp 24,81,-5,-8,18,11,27,12,17,14,26,5,21,21,22,21,27,24,28,18,19,12,31,29,29,29,27,27,41,35,36,36,36,31,53,56,69,18,56,29,92,32,38,21,23,24,55,0,0,-24,-21,-71,-73,-73,-73,-73,-73,-93,-69,-93]} 1. c4 c6 2. Nf3 d5 3. e3 Nf6 4. Nc3 e6 5. b3 Bd6 6. d4 Nbd7 7. Bb2 O-O 8. Be2 b6 9. Qc2 Bb7 10. O-O Qe7 11. Rad1 Rad8 12. Rfe1 Rfe8 13. Bf1 {[#] LiveBook: 72 Games. D45: Semi-Slav: 5 e3} Qf8 $146 ({Predecessor:} 13... e5 14. dxe5 Nxe5 15. Nd4 dxc4 16. Nf5 Qe6 17. Nxd6 Rxd6 18. Rxd6 Qxd6 19. Rd1 cxb3 20. axb3 Qb8 {½-½ (30) Svidler,P (2755)-Gelfand,B (2724) Moscow 2017}) 14. g3 Ba3 15. Bxa3 {White has an edge.} Qxa3 16. cxd5 exd5 17. Bg2 Re7 18. Rc1 Rde8 19. Red1 g6 20. Ne2 Ne4 21. Nf4 Rc8 22. Nd3 Rc7 23. Qb2 Qxb2 24. Nxb2 Nf8 25. Nd2 f5 26. Nd3 Ne6 27. b4 Ba6 28. Nb3 Bxd3 29. Rxd3 Re8 30. Nd2 (30. Rdd1 $14) 30... Ra8 31. Bf1 N6g5 {[#]} (31... Kf7 $11) 32. Kg2 ({White should try} 32. Nxe4 $1 $16 Nxe4 33. f3) 32... a5 $14 33. Nxe4 Nxe4 34. Ra3 Nd6 35. b5 (35. Bd3 $14) 35... Rac8 $11 36. Rac3 {[%cal Rb5c6]} c5 $36 {[%mdl 2048] Black is pushing.} 37. Be2 c4 38. a4 Ne4 39. R3c2 Re7 40. Bf1 Rce8 41. Re1 {Precision: White = 51%, Black = 43%.} 1/2-1/2

[Event "EICC 2017"]
[Site "Minsk"]
[Date "2017.06.01"]
[Round "3"]
[White "Fedorov, Alexei"]
[Black "Neverov, Valeriy"]
[Result "1/2-1/2"]
[WhiteElo "2598"]
[BlackElo "2472"]
[Annotator "TA"]
[PlyCount "41"]
[EventDate "2017.??.??"]
[EventCountry "BLR"]
[SourceTitle "playchess.com"]
[Source "ChessBase"]
[SourceQuality "1"]

{[%evp 12,41,19,6,28,0,0,3,7,-39,-35,-64,18,10,18,8,8,0,0,0,24,18,53,46,57,55,55,66,47,33,67,29]} 1. e4 c5 2. d3 Nc6 3. f4 g6 4. Nf3 Bg7 5. Be2 d6 6. O-O f5 {B21: Sicilian: 2 f4 and Morra Gambit} 7. c3 {LiveBook: 4 Games} e6 8. Na3 Nge7 {The position is equal.} 9. Qb3 $146 ({Predecessor:} 9. Be3 O-O 10. Nc2 b6 11. Qd2 Qd7 12. Rae1 Bb7 13. Bf2 Rae8 14. exf5 gxf5 {0-1 (34) Seul,G (2435)-Kasimdzhanov,R (2699) Mainz 2010}) 9... O-O 10. Bd2 Rb8 11. Ng5 d5 (11... b5 $15) 12. e5 $11 b5 13. Qd1 a5 14. Nc2 d4 15. cxd4 cxd4 16. Qe1 h6 17. Nf3 {White is slightly better.} Qb6 18. b4 {[%cal Rb4a5]} a4 19. Qf2 Rd8 20. Rfc1 Bb7 21. a3 {Precision: White = 50%, Black = 58%.} 1/2-1/2

[Event "EICC 2017"]
[Site "Minsk"]
[Date "2017.06.01"]
[Round "3"]
[White "Kulaots, Kaido"]
[Black "Santos Ruiz, Miguel"]
[Result "0-1"]
[WhiteElo "2597"]
[BlackElo "2473"]
[Annotator "TA"]
[PlyCount "100"]
[EventDate "2017.??.??"]
[EventCountry "BLR"]
[SourceTitle "playchess.com"]
[Source "ChessBase"]
[SourceQuality "1"]

{[%evp 26,100,27,38,43,-8,-11,-195,-231,-260,-251,-368,-373,-408,-182,-174,-175,-176,-161,-283,-268,-277,-279,-283,-282,-284,-284,-268,-268,-401,-419,-322,-309,-299,-290,-820,-803,-1017,-1007,-1016,-997,-944,-713,-687,-664,-1060,-681,-695,-680,-653,-653,-630,-622,-679,-653,-565,-541,-1117,-939,-6211,-6091,-5306,-5210,-29972,-29974,-5239,-2029,-1133,-891,-29983,-29984,-29983,-29982,-29984,-29985,-29985,-29986]} 1. e4 c5 2. Nf3 d6 3. d4 cxd4 4. Nxd4 Nf6 5. Nc3 a6 6. Bg5 e6 7. f4 h6 8. Bh4 Qb6 9. a3 Be7 {B96: Sicilian Najdorf: 6 Bg5 e6 7 f4, lines other than 7...Qb6 and 7...Be7} 10. Bf2 Qc7 11. Qf3 Nbd7 12. O-O-O b5 13. g4 Bb7 14. Bg2 {LiveBook: 9 Games} (14. h4 d5 15. e5 Ne4 16. Rh3 Nxf2 17. Qxf2 {½-½ (43) Caruana,F (2817)-Vachier Lagrave,M (2803) Karlsruhe 2017}) 14... g5 15. Qh3 (15. f5 $14) 15... O-O-O $11 16. Ndxb5 $146 (16. e5 $11 dxe5 17. fxe5 Nxe5 18. Bg3 Nfxg4 19. Bxb7+ Kxb7 20. Rhe1) ({Predecessor:} 16. fxg5 hxg5 17. Qg3 {0-1 (41) Betker,J (2219)-Schilcher,A (2306) GER email 2012}) 16... axb5 $19 17. Nxb5 Qc4 18. Na7+ (18. Bf1 {was called for.} Qxe4 19. Rg1) 18... Kb8 19. Rd4 Qa6 (19... Qe2 $142 20. Rb4 Qxf2 21. Nc6+ Kc7 22. Nxe7 Nc5 23. Rxb7+ Kxb7) 20. Rb4 {[#]} Nc5 $1 21. e5 Nfe4 22. Bxc5 (22. Bxe4 $142 d5 23. Bg2 Qxa7 24. Kb1) 22... dxc5 {[%cal Bd6c5,Bc5b4][%mdl 32]} 23. Nc6+ Qxc6 24. Bxe4 cxb4 25. Bxc6 Bxc6 26. Rf1 bxa3 27. f5 (27. Kb1 $142) 27... a2 {[%cal Ra2a1]} 28. Qb3+ Kc7 {[%cal Ra2a1]} 29. Qxa2 {Qa7+ is the strong threat.} Ra8 30. Qc4 $2 (30. Qb1) 30... Ra4 31. Qe2 Ra1+ 32. Kd2 Bb4+ 33. Kd3 Rd8+ 34. Kc4 Ra4 {( -> ...Ba5+)} 35. Ra1 {aiming for Rxa4.} Ba3+ 36. Kc3 {[#]} Bxb2+ $1 {[%mdl 512]} 37. Kxb2 {Hoping for Rxa4.} Rb8+ 38. Kc3 Rxa1 39. Qc4 Ra3+ 40. Kd2 Rd8+ 41. Ke2 Rd5 42. Qb4 Rxe5+ 43. Kd2 Rd5+ 44. Ke2 Ra4 45. Qe7+ Rd7 46. Qc5 Rxg4 47. f6 Re4+ {Black mates.} 48. Kf2 Kb7 49. c4 Rd2+ 50. Kf1 Rd3 {Precision: White = 18%, Black = 76%.} 0-1

[Event "EICC 2017"]
[Site "Minsk"]
[Date "2017.06.01"]
[Round "3"]
[White "Bogdanovich, Stanislav"]
[Black "Lavrov, Maxim"]
[Result "1-0"]
[WhiteElo "2596"]
[BlackElo "2369"]
[Annotator "TA"]
[PlyCount "95"]
[EventDate "2017.??.??"]
[EventCountry "BLR"]
[SourceTitle "playchess.com"]
[Source "ChessBase"]
[SourceQuality "1"]

{[%evp 15,95,40,55,14,0,0,6,0,25,43,31,43,41,39,41,29,29,31,28,37,41,27,63,-25,-28,-25,-25,-34,-29,-36,-38,-45,-20,-45,-47,-45,-47,-77,-19,-23,0,0,61,-10,-16,-28,69,62,66,44,75,81,76,0,0,-14,6,0,0,0,0,0,0,0,0,0,517,517,505,441,580,564,718,699,730,714,756,710,12841,12841,12842,12842]} 1. d4 Nf6 2. c4 d6 3. Nf3 Nbd7 4. Nc3 e5 5. e4 Be7 6. g3 O-O 7. Bg2 c6 8. O-O a6 {LiveBook: 369 Games} 9. c5 {A55: Old Indian Defence with Nf3 and e4} (9. a4 a5 10. h3 Re8 11. Be3 exd4 12. Nxd4 Nc5 13. Qc2 Qb6 14. Rad1 Bf8 15. Rfe1 g6 16. f4 Nfd7 17. Bf2 Qc7 18. Rd2 Nb6 19. b3 Bd7 20. Nf3 Na6 21. Na2 {½-½ (28) Jussupow,A (2602)-Hickl,J (2560) Switzerland 2016}) 9... exd4 10. cxd6 dxc3 11. Re1 {The position is equal.} Ne5 (11... c2 $5 12. Qd2 {[#]} Bxd6 $1 {[%mdl 512]} 13. Qxd6 Re8 $11) 12. dxe7 Qxe7 {Hoping for ...Bg4.} 13. Nxe5 Qxe5 14. Bf4 $146 ({Predecessor:} 14. Qc2 cxb2 15. Bxb2 Qh5 16. h4 Qg6 {½-½ (51) Barlov,D (2430)-Vukic,M (2490) Bor 1985}) 14... Qa5 15. Qb3 cxb2 16. Qxb2 Re8 17. a4 {[%cal Ba2a4,Ba4a5][%mdl 32]} Qh5 18. a5 {[%mdl 1024] White has compensation.} Bh3 19. Bh1 (19. Qxb7 $14 Rec8 20. Bh1) 19... Re7 $11 20. Bd6 Rd7 21. e5 Nd5 22. Ra4 Qg6 23. Rh4 Bf5 24. Bf3 Re8 25. Ra1 Qe6 26. Rd4 h6 ({Black should play} 26... f6 $17 27. Rad1 Qf7) 27. Rad1 Nc7 28. g4 Bg6 (28... Qg6 $1 $11) 29. Be2 (29. Qxb7 $14 Nb5 30. Qxc6) 29... Nd5 {White must now prevent ...f6.} 30. Bc4 Rxd6 (30... f6 $11 31. h3 Bf7) 31. exd6 $14 Be4 32. h3 Bf3 33. Bxd5 cxd5 34. Rf1 ({White should try} 34. Qb6 $16) 34... Qxd6 $11 35. Qxb7 h5 {And now ...hxg4 would win.} (35... Rb8 $5 {[%cal Rb8b7]} 36. Qa7 Rb3 $15) 36. Qb6 Qe5 {aiming for ...hxg4.} 37. Rd3 hxg4 {Strongly threatening ...Qf4.} 38. Re3 $36 {[%mdl 2048] White is more active.} Be4 39. hxg4 Qg5 40. f3 {[%cal Bf2f3,Bf3e4][%mdl 32] Re2 is the strong threat.} (40. Qc6 $5 {[%cal Rc6e8]} Rf8 41. Qc3 $11) 40... Re6 $2 {[%mdl 8192]} (40... Rc8 $1 $11 {and Black stays safe.}) 41. Qb8+ $18 {White is clearly winning.} Kh7 42. Kf2 Rh6 43. fxe4 Rf6+ 44. Rf3 Qd2+ 45. Kg1 Qd4+ 46. Kg2 {Threatening mate with Rh1+.} Qxe4 47. Rh1+ Kg6 {[#]} 48. Rh6+ $1 {[%mdl 512] Precision: White = 46%, Black = 48%.} 1-0